000 00396nam a2200181Ia 4500
001 3197
005 20260306144903.0
008 260306t1991||||xx |||||||||||||| ||spa||
041 _aESP
082 _a261.83
_bA51
100 _aAlzamora, Oscar
_eAUT
245 0 _aLa iglesia ante lo social
260 _c1991
300 _a
_c
650 _aGEN
654 _aCHU
942 _cLIB
_dJUS
_fJUS
_2ddc
_n
999 _c3197
_d3197